000 00304nam a22001337a 4500
008 170629b xxu||||| |||| 00| 0 eng d
020 _a0813101913
041 _aeng
080 _a82
100 _a22
101 _aGJL
245 _aPRACTICING THEORY AND READING LITERATURE
_cSELDEN,R
942 _2udc
_cBK
999 _c19582
_d19582